Statistics for Electronics Companies by One of Their Products #2

Click here to take the quiz!

General Stats

  • This quiz has been taken 14 times
  • The average score is 4 of 8

Answer Stats

HintAnswer% Correct
PlayStationSony
91%
XboxMicrosoft
82%
WiiNintendo
82%
2600Atari
55%
3310Nokia
45%
DreamcastSega
36%
VotomaticIBM
18%
LumixPanasonic
18%

Score Distribution

Percentile by Number Answered

Percent of People with Each Score

Your Score History

You have not taken this quiz